Normal view
MARC view
- Feltham, Oliver.
Entry Personal Name
001 - CONTROL NUMBER
- control field: 10329
003 - CONTROL NUMBER IDENTIFIER
- control field: NUST
005 - DATE AND TIME OF LATEST TRANSACTION
- control field: 20180521044557.0
008 - FIXED-LENGTH DATA ELEMENTS
- fixed length control field: 180521|| aca||aabn | a|a d
040 ## - CATALOGING SOURCE
- Original cataloging agency: NUST
- Transcribing agency: NUST
100 ## - HEADING--PERSONAL NAME
- Personal name: Feltham, Oliver.
670 ## - SOURCE DATA FOUND
- Source citation: Work cat.: (NUST)48200: Badiou, Alain. 10327, Infinite thought :, 2003
